Prekročiť svoj Rubikon

Bibliographic Details
Main Author: Boldišová, Emília, 1954-2003 (Author)
Format: Article
Language:Slovak
Subjects:

MARC

LEADER 00000nab a2200000 a 4500
001 vtls000344587
003 SK-MaSNL
005 20260304014812.0
008 241210c1989 xo 0 slo
015 |a SNBRB19rr/mm-uuuuu 
035 |a CL0344709 
035 |a urn:nbn:sk:snk-abemrt 
035 |a (urnnbn)urn:nbn:sk:snk:ar-0009bt 
035 |a (uuid)012e8993-d2cf-4271-8985-042f9e699b74 
040 |a SNKBUCL  |b slo  |c SNKBUCL  |e AACR2 
041 0 |a slo 
044 |a xo  |c SK 
080 |a 82.09:885.4-1(048)  |2 1981 
080 |a 885.4-1(048)  |2 1981 
100 1 |a Boldišová, Emília,  |d 1954-2003  |4 aut  |9 103643 
245 1 0 |a Prekročiť svoj Rubikon  |c Emília Boldišová 
500 |a V rubrike Recenzie. 
650 0 7 |a slovenská poézia  |2 snkbucl  |9 215422 
655 7 |a recenzie  |2 snkbucl  |9 21907 
655 7 |a články z novín a časopisov  |2 snkbucl  |9 267496 
655 7 |a články z odboru literárna veda a krásna literatúra  |2 snkbucl  |9 770045 
773 0 |t Slovenské pohľady  |g Roč. 105, č. 1 (1989), s. 133-135 
787 0 8 |i Rec.:  |a Podracká, Dana  |t Rubikon  |d Bratislava : Smena, 1988 
850 |a Slovenská národná knižnica 
852 |a Slovenská národná knižnica 
958 |a BX 
958 |a RK 
958 |a LX 
958 |a OND 
958 |a EUIPO 
958 |a article27 
992 |a RBX 
999 |c 2587816  |d 2589746